Como crear un portafolio y adentrarse en el mundo profesional : (Registro nro. 3667)
[ vista simple ]
| 000 -LEADER | |
|---|---|
| fixed length control field | 01876nam a22002777a 4500 |
| 003 - CONTROL NUMBER IDENTIFIER | |
| control field | PE SENCICO BE |
| 005 - DATE AND TIME OF LATEST TRANSACTION | |
| control field | 20251020182621.0 |
| 008 - FIXED-LENGTH DATA ELEMENTS--GENERAL INFORMATION | |
| fixed length control field | 221201b |||||||| |||| 00| 0 eng d |
| 020 ## - INTERNATIONAL STANDARD BOOK NUMBER | |
| International Standard Book Number | 978-84-252-2630-4 |
| 040 ## - CATALOGING SOURCE | |
| Original cataloging agency | PE SENCICO BE |
| Transcribing agency | PE SENCICO BE |
| 041 ## - LANGUAGE CODE | |
| Language code of text/sound track or separate title | spa |
| 082 ## - DEWEY DECIMAL CLASSIFICATION NUMBER | |
| Classification number | 741.6 |
| Item number | T27 |
| 100 1# - MAIN ENTRY--PERSONAL NAME | |
| 9 (RLIN) | 194 |
| Personal name | Taylor, Fig |
| Relator term | autor |
| 245 1# - TITLE STATEMENT | |
| Title | Como crear un portafolio y adentrarse en el mundo profesional : |
| Remainder of title | guía de orientación para creativos / |
| Statement of responsibility, etc. | Fig Taylor |
| 250 ## - EDITION STATEMENT | |
| Edition statement | 2a ed. actualizada |
| 260 ## - PUBLICATION, DISTRIBUTION, ETC. | |
| Place of publication, distribution, etc. | Lima: |
| Name of publisher, distributor, etc. | Gustavo Gili, |
| Date of publication, distribution, etc. | 2010, |
| -- | 2013 |
| 300 ## - PHYSICAL DESCRIPTION | |
| Extent | 160 p.: |
| Other physical details | il. col., |
| Dimensions | 23 cm. |
| 500 ## - GENERAL NOTE | |
| General note | . |
| 505 0# - FORMATTED CONTENTS NOTE | |
| Formatted contents note | Es una guía práctica para introducirse en el mundo profesional de la industria creativa. Dirigido a estudiantes y profesionales júnior de los ámbitos del diseño, la publicidad y la ilustración, proporciona todas las claves para familiarizarse con los distintos sectores del mercado creativo y darse a conocer profesionalmente. El libro expone las características particulares de cada especialidad (branding, diseño web, ilustración, agencias de publicidad, sector editorial, videojuegos, etc.) y explora todos los aspectos que hay que tener en cuenta a la hora de confeccionar un portfolio, desde cómo seleccionar el contenido, hasta qué tipo, formato y soporte elegir. Aporta también consejos prácticos sobre, por ejemplo, cómo presentar candidaturas espontáneas, cómo preparar una entrevista de trabajo o cómo presentar un portfolio en directo. El libro se cierra con un completo directorio de recursos que incluye asociaciones profesionales, proveedores de portfolios, publicaciones, anuarios y concursos |
| 650 14 - SUBJECT ADDED ENTRY--TOPICAL TERM | |
| 9 (RLIN) | 197 |
| Topical term or geographic name entry element | PORTAFOLIOS |
| 650 20 - SUBJECT ADDED ENTRY--TOPICAL TERM | |
| Topical term or geographic name entry element | Artes gráficas |
| 9 (RLIN) | 195 |
| 650 20 - SUBJECT ADDED ENTRY--TOPICAL TERM | |
| Topical term or geographic name entry element | Diseño gráfico |
| 9 (RLIN) | 196 |
| 910 ## - USER-OPTION DATA (OCLC) | |
| -- | hfp |
| -- | hfp |
| 942 ## - ADDED ENTRY ELEMENTS (KOHA) | |
| Source of classification or shelving scheme | Dewey Decimal Classification |
| Koha item type | Libros |
| Classification part | 741.6 |
| Item part | T27 |
| Fecha de la última vez que lo usaron | Número de ingreso o de inventario | Pago total | Signatura topográfica completa | Precio efectivo desde | Tipo de documento | Estado perdido | Sistema de clasificación | Estado dañado | No es para préstamo | Retirado | Ubicación permanente | Ubicación actual | Fecha de adquisición |
|---|---|---|---|---|---|---|---|---|---|---|---|---|---|
| 01/12/2022 | 15919 | R/741.6/T27 | 01/12/2022 | Libros | Dewey Decimal Classification | Biblioteca Central Lima | Biblioteca Central Lima | 01/12/2022 |